| 000 | 00740nam a2200229 a 4500 | ||
|---|---|---|---|
| 001 | 55038 | ||
| 003 | BD-RjUL | ||
| 005 | 20211209080215.0 | ||
| 008 | 161113s2009 bg ||||| |||| 00| 0 ben d | ||
| 020 |
_a9840747525 _c: Tk.170.00 |
||
| 035 | _a(BD-RjUL)55160 | ||
| 040 |
_aBD-RjUL _bben _cBD-RjUL _dBD-RjUL |
||
| 041 | _aben | ||
| 082 |
_223 _a370 _bKHS 2009 |
||
| 100 |
_aখান, শাওয়াল _9164077 |
||
| 245 | 1 | 0 |
_aশিক্ষাজগৎ / _cশাওয়াল খান, |
| 260 |
_aঢাকা : _bবাংলা একাডেমী, _c২০০৯. |
||
| 300 |
_a[১২], ৩২০ পৃ. ; _c২৩ সেমি. |
||
| 650 |
_aশিক্ষা _9164078 |
||
| 650 |
_aEducation _9164079 |
||
| 942 |
_2ddc _cBK |
||
| 999 |
_c55038 _d55038 |
||